| 000 | 00969cam a22002774a 4500 | ||
|---|---|---|---|
| 001 | 14320728 | ||
| 005 | 20201124142253.0 | ||
| 008 | 060329s2007 njua b 001 0 eng | ||
| 010 | _a 2006045150 | ||
| 020 | _a013701306X | ||
| 035 | _a(OCoLC)ocm65521627 | ||
| 040 |
_aDLC _cDLC _dBAKER _dC#P _dYDXCP _dOCLCQ _dDLC |
||
| 042 | _apcc | ||
| 050 | 0 | 0 |
_aHD58.8 _b.S667 2007 |
| 082 | 0 | 0 |
_a658.406 _222 _bSPE |
| 245 | 1 | 0 |
_aImplementing Organizational Change : _bTheory and Practice / _cBert Spector. |
| 250 | _a2nd ed. | ||
| 260 |
_aUpper Saddle River, N.J. : _bPearson Prentice Hall, _cc2007. |
||
| 300 |
_axii, 213 p. : _bill. ; _c24 cm. |
||
| 504 | _aIncludes bibliographical references and index. | ||
| 650 | 0 |
_aOrganizational behavior. _99187 |
|
| 650 | 0 |
_aPersonnel management. _99188 |
|
| 942 |
_2ddc _cBB |
||
| 999 |
_c10273 _d10273 |
||